Statistiques concernant Formes des pays sur la carte du monde n°4

Cliquez ici pour prendre le quiz!

Statistiques générales

  • Ce quiz a été pris 30 335 fois
  • Le résultat moyen est 17 sur 20

Réponses sur la Carte

Les réponses sont colorées sur une échelle allant du rouge au vert en fonction du pourcentage des utilisateurs qui les ont devinées à leur premier essai. Vous pouvez retrouver ces pourcentages ci-dessous.
 

Statistiques - réponses

Pays% Correct
Etats-Unis
100%
France
100%
Argentine
98%
Égypte
96%
Maroc
96%
Ukraine
95%
Corée du Sud
92%
Pérou
92%
République tchèque
88%
Irak
83%
Philippines
83%
Niger
79%
Serbie
78%
Malaisie
76%
Kenya
71%
Bhoutan
70%
Guinée
69%
Turkménistan
69%
Zimbabwe
67%
Gabon
63%

Distribution des résultats

Percentile par nombre de réponses

% des personnes avec chaque résultat

Votre développement - résultats

Vous n’avez pas pris ce quiz